000 00348nam a2200145Ia 4500
008 191201s2001 xx 000 0 und d
082 _a658.4
_bDRM
100 _aDRUCKER,Peter F
245 0 _aManagement Challenges for the 21st Century
250 _a1st
260 _aN. Delhi
_bCollins
_c2001
300 _a207
650 _aBBA
942 _2ddc
_cBK
999 _c4488
_d4488